Upanishad vahini (essence of vedic knowledge) / (Record no. 39455)

MARC details
000 -LEADER
fixed length control field 00688nam a22001937a 4500
005 - DATE AND TIME OF LATEST TRANSACTION
control field 2010080507097.0
010 ## - LCCN (DPL NO)
LC control number ENG-98353
020 ## - INTERNATIONAL STANDARD BOOK NUMBER
International Standard Book Number 9788172087357
Terms of availability 46.00
035 ## - SYSTEM CONTROL NUMBER
System control number EN-81886
037 ## - SOURCE OF ACQUISITION
Source of stock number/acquisition DBAD/PUB
082 ## - DEWEY DECIMAL CLASSIFICATION NUMBER
Classification number 220.24
100 ## - MAIN ENTRY--PERSONAL NAME
Personal name Sathya Sai Baba
245 ## - TITLE STATEMENT
Title Upanishad vahini (essence of vedic knowledge) /
Statement of responsibility, etc by Sathya Sai Baba
260 ## - PUBLICATION, DISTRIBUTION, ETC. (IMPRINT)
Place of publication, distribution, etc Prasanthi Nilayam
Name of publisher, distributor, etc Sri Sathya Sai Sadhna Trust
Date of publication, distribution, etc 2009
270 ## - ADDRESS
City Prasanthi Nilayam
Postal code 515134
300 ## - PHYSICAL DESCRIPTION
Extent 124p.
Dimensions 21cm (pbk)
942 ## - ADDED ENTRY ELEMENTS (KOHA)
Source of classification or shelving scheme Dewey Decimal Classification
Item type English Books
Classification part 220.24
Call number suffix SAT
Holdings
Withdrawn status Lost status Not for loan Collection code Home library Current library Date acquired Source of acquisition Cost, normal purchase price Full call number Barcode Copy number Cost, replacement price Koha item type
    Not For Loan Non-fiction D.B.Act.Division D.B.Act.Division 05/08/2010 DBAD/PUB 46.00 220.24 SAT EN-81886 1 46.00 English Books

© Delhi Public Library
Hit Counter
free hit counter